| 000 -ლიდერი |
| ფიქსირებული სიგრძის საკონტროლო ველი |
01742nam a2200241Ia 4500 |
| 001 - საკონტროლო ნომერი |
| საკონტროლო ველი |
12319 |
| 003 - საკონტროლო ნომრის იდენტიფიკატორი |
| საკონტროლო ველი |
GE_BSU |
| 005 - ბოლო ოპერაციის თარიღი და დრო |
| საკონტროლო ველი |
20240701154213.0 |
| 008 - ფიქსირებული სიგრძის მონაცემთა ელემენტები - ზოგადი ინფორმაცია |
| ფიქსირებული სიგრძის საკონტროლო ველი |
181216s2014||||geo|||||||||||||| ||ge || |
| 040 ## - კატალოგიზაციის წყარო |
| Transcribing agency |
GE_BSU |
| 041 ## - ენის კოდი |
| Language code of text/sound track or separate title |
geo |
| 080 ## - უნივერსალური ათობითი კლასიფიკაციის ინდექსი |
| Universal Decimal Classification number |
341.217(4)+327(479.22:4)+339.96(4) ს-32 |
| 245 ## - ცნობა სათაურის შესახებ |
| Title |
საქართველოს ევროპული გზა = Georgia's european way / |
| Remainder of title |
ევროპულ და ევროატლანტიკურ სტურქტურებში ინტეგრაციის საკითხებში საქ. სახელმწ. მინისტრის აპარატი ; ქართ. ტექსტის რედ. ბაჩო კვირტია ; ინგლ. ტექსტის რედ. ქეით დევისი. ; ფოტო გოგა ჩანადირი. |
| 264 ## - წარმოების, გამოცემის, დისტრიბუციის და სხვა ცნობები |
| გამოცემის, წარმოების, დისტრიბუციის... ადგილი |
თბილისი : |
| გამოცემის, წარმოების, დისტრიბუციის... სახელწოდება |
?, |
| გამოცემის, წარმოების, დისტრიბუციის... თარიღი |
2014. |
| 300 ## - ფიზიკური აღწერა |
| Extent |
52 გვ. : |
| Other physical details |
ფოტ. ; |
| Dimensions |
30 სმ. |
| 500 ## - ზოგადი შენიშვნა |
| General note |
ყდაზე : ირაკლი გაბეცაძის ფოტო
|
| 546 ## - LANGUAGE NOTE |
| Language note |
ტექსტი ქართ. და ინგლ. ენებზე |
| 653 ## - INDEX TERM--UNCONTROLLED |
| Uncontrolled term |
საქართველო - ევროკავშირის ურთიერთობა |
| 700 ## - ADDED ENTRY--PERSONAL NAME |
| Personal name |
დევისი, ქეით. |
| Relator term |
რედაქტორი |
| 9 (RLIN) |
22636 |
| 700 ## - ADDED ENTRY--PERSONAL NAME |
| Personal name |
ჩანადირი, გოგა |
| Relator term |
ფოტო |
| 9 (RLIN) |
21322 |
| 710 ## - ADDED ENTRY--CORPORATE NAME |
| Corporate name or jurisdiction name as entry element |
ევროპულ და ევროატლანტიკურ სტურქტურებში ინტეგრაციის საკითხებში საქ. სახელმწ. მინისტრის აპარატი |
| 9 (RLIN) |
22637 |
| 942 ## - ADDED ENTRY ELEMENTS (KOHA) |
| Koha item type |
წიგნი |
| Source of classification or shelving scheme |
|